|
|
|
|
| LEADER |
01771nam a2200361 a 4500 |
| 001 |
2700 |
| 003 |
BD-DhAAL |
| 005 |
20150322115509.0 |
| 008 |
150322s1994 caua b 001 0 eng |
| 010 |
|
|
|a 93036593
|
| 020 |
|
|
|a 155542645X
|
| 040 |
|
|
|a DLC
|c DLC
|d DLC
|d BD-DhAAL
|
| 050 |
0 |
0 |
|a LB3051
|b .H43 1994
|
| 082 |
0 |
0 |
|a 371.2/6
|2 20
|
| 100 |
2 |
|
|a Henning-Stout, Mary,
|d 1957-
|9 10031
|
| 245 |
1 |
0 |
|a Responsive assessment :
|b a new way of thinking about learning /
|c Mary Henning-Stout.
|
| 250 |
|
|
|a 1st ed.
|
| 260 |
|
|
|a San Francisco :
|b Jossey-Bass,
|c c1994.
|
| 300 |
|
|
|a xviii, 303 p. :
|b ill. ;
|c 24 cm.
|
| 500 |
|
|
|a "A Joint publication in the Jossey-Bass education series and the Jossey-Bass social and behavioral science series"--P. [vii].
|
| 504 |
|
|
|a Includes bibliographical references (p. 275-292) and indexes.
|
| 541 |
|
|
|e 2700
|
| 650 |
|
0 |
|a Grading and marking (Students)
|z United States.
|9 10032
|
| 650 |
|
0 |
|a Learning, Psychology of.
|9 10033
|
| 650 |
|
0 |
|a Learning
|x Social aspects.
|9 10034
|
| 650 |
|
0 |
|a School management and organization
|z United States.
|9 10035
|
| 830 |
|
0 |
|a Jossey-Bass education series.
|9 10036
|
| 830 |
|
0 |
|a Jossey-Bass social and behavioral science series.
|9 10037
|
| 942 |
|
|
|2 ddc
|c BK
|
| 999 |
|
|
|c 34137
|d 34137
|
| 952 |
|
|
|0 0
|1 0
|2 ddc
|4 0
|6 371_260000000000000_HEN
|7 0
|9 53268
|a SCL
|b SCL
|c GEN
|d 2015-03-22
|e Gift: The Asia Foundation
|l 0
|o 371.26 HEN
|p 3020002700
|r 2015-03-22
|t 1
|w 2015-03-22
|y BK
|
| 952 |
|
|
|0 0
|1 0
|2 ddc
|4 0
|6 371_260000000000000_HEN
|7 0
|9 53284
|a SCL
|b SCL
|c GEN
|d 2015-03-24
|e Gift: The Asia Foundation
|l 0
|o 371.26 HEN
|p 3020003730
|r 2015-03-24
|t 2
|w 2015-03-24
|y BK
|
| 952 |
|
|
|0 0
|1 0
|2 ddc
|4 0
|6 371_260000000000000_HEN
|7 0
|9 53285
|a SCL
|b SCL
|c GEN
|d 2015-03-24
|e Gift: The Asia Foundation
|l 0
|o 371.26 HEN
|p 3020003655
|r 2015-03-24
|t 3
|w 2015-03-24
|y BK
|